000 00569nam a2200217Ia 4500
003 OSt
005 20220923230929.0
006 a|||||r|||| 00| 0
007 ta
008 Pun
024 _a306,550
037 _cTextual
040 _aARTS
_cARTS
_bPun
041 _2Pun
_aPun
082 _aV235:1.L3, 153H6.1
100 _aਲਤੀਫ, ਮੁਹੰਮਦ
_9156291
245 0 _aਪੰਜਾਬ ਦਾ ਇਤਿਹਾਸ
260 _c1946
942 _hV235:1.L3, 153H6.1
_cTEXL
_2CC
999 _c388324
_d388324